000 00592nam a2200193Ia 4500
003 GCL
008 140319s9999 xx 000 0 ara d
040 _aGCL /
_cGCL
082 0 4 _aد
_b050
100 1 _aعلى حسن الخربوطلى
245 1 0 _aالكعبة على مر العصور ( اقرا 291 ) /
_cعلى حسن الخربوطلى
300 _a124 ص
490 _aوثائق ونصوص
_v0
650 0 4 _aالكعبة
650 0 4 _aالاسلام - تاريخ
650 0 4 _aالاثار الاسلامية
650 0 4 _aالحضارة الاسلامية
942 _2ddc
_cCF
999 _c27359
_d27359